Nová Reduta kým reštaruátori milimeter po milimetri zachraňovali Redutu, niekto poškodil vzácne krištáľové lustre, uložené v divadelných dielňach Slovenského národného divadla

Bibliographic Details
Main Author: Čavojská, Jana (Author)
Format: Article
Language:Slovak
PhysicalDescription:Fotogr.
ISSN:1210-4040
Subjects:

MARC

LEADER 00000nab a2200000 a 4500
001 vtls010348291
003 SK-MaSNL
005 20260303093349.0
008 120320c2012 xo wrzp 0 0slo
015 |a SNBRB2012/03  |2 rvgkpd 
038 |a RVGKPD 
040 |a RVGKPD  |b slo  |c RVGKPD  |e AACR2 
041 0 |a slo 
044 |a xo  |c SK 
080 |a 727  |x (437.6)  |2 1997 
100 1 |a Čavojská, Jana  |4 aut  |9 339651 
245 1 0 |a Nová Reduta  |b kým reštaruátori milimeter po milimetri zachraňovali Redutu, niekto poškodil vzácne krištáľové lustre, uložené v divadelných dielňach Slovenského národného divadla  |c Jana Čavojská 
300 |b Fotogr. 
610 2 7 |a Reduta (Bratislava, Slovensko)  |2 rvgkpd  |9 185863 
650 0 7 |a rekonštrukcie  |2 rvgkpd  |9 24616 
773 0 |t Plus 7 dní  |g Roč. XXII, č. 6 (2012), s. 112-115  |x 1210-4040 
852 |a RVGKPD  |b KIS3G 
958 |a SK 
992 |a RBX 
999 |c 1815293  |d 1817223